UBT Library

The high-technology connection : (Record no. 40717)

000 -LEADER
fixed length control field 00757cam a2200229 a 4500
001 - CONTROL NUMBER
control field 2371009
005 - DATE AND TIME OF LATEST TRANSACTION
control field 20180123034912.0
008 - FIXED-LENGTH DATA ELEMENTS--GENERAL INFORMATION
fixed length control field 841221s1984 dcua b 000 0 eng
010 ## - LIBRARY OF CONGRESS CONTROL NUMBER
LC control number 84073551
020 ## - INTERNATIONAL STANDARD BOOK NUMBER
International Standard Book Number 0913317152 (pbk.) :
Terms of availability $7.50
040 ## - CATALOGING SOURCE
Original cataloging agency DLC
Transcribing agency DLC
Modifying agency DLC
041 ## - LANGUAGE CODE
Language code of text/sound track or separate title eng
043 ## - GEOGRAPHIC AREA CODE
Geographic area code n-us---
080 ## - UNIVERSAL DECIMAL CLASSIFICATION NUMBER
Universal Decimal Classification number 338.4762138170973 JOH
082 00 - DEWEY DECIMAL CLASSIFICATION NUMBER
Classification number 338.4762138170973 JOH
Edition number 19
100 1# - Rafti
Rafti 52
101 ## - Shkurtesa
Shkurtesa EKO
245 14 - TITLE STATEMENT
Title The high-technology connection :
Statement of responsibility, etc by Lynn G. Johnson ; prepared by ERIC Clearinghouse on Higher Education, the George Washington University.
504 ## - BIBLIOGRAPHY, ETC. NOTE
Bibliography, etc Bibliography: p. 101-112.
906 ## - LOCAL DATA ELEMENT F, LDF (RLIN)
a 7
b cbc
c orignew
d 3
e opcn
f 19
g y-gencatlg
942 ## - ADDED ENTRY ELEMENTS (KOHA)
Source of classification or shelving scheme
Item type Books
Holdings
Withdrawn status Lost status Source of classification or shelving scheme Damaged status Not for loan Collection code Permanent location Current location Shelving location Date acquired Total Checkouts Full call number Barcode Date last seen Price effective from Koha item type
          Koleksioni i përgjithshem UBT - Lipjan UBT - Lipjan Koleksioni i përgjithshem 01/23/2018   338.4762138170973 JOH 002-2996113 01/23/2018 01/23/2018 Books
UBT Library © 2015-2024. All rights reserved University Education for Business and Technology